<?xml version="1.0" encoding="UTF-8"?>
<collection xmlns="http://www.loc.gov/MARC21/slim">
    <record>
        <controlfield tag="001">66302</controlfield>
        <controlfield tag="005">20180223094507.0</controlfield>
        <datafield tag="037" ind1=" " ind2=" ">
            <subfield code="a">GDOC-2016-26516</subfield>
        </datafield>
        <datafield tag="041" ind1=" " ind2=" ">
            <subfield code="a">spa</subfield>
        </datafield>
        <datafield tag="100" ind1=" " ind2=" ">
            <subfield code="0">(orcid)0000-0002-2415-9257</subfield>
            <subfield code="1">118480</subfield>
            <subfield code="a">Cañete Lairla, Miguel Angel</subfield>
        </datafield>
        <datafield tag="245" ind1="0" ind2="0">
            <subfield code="9">26516</subfield>
            <subfield code="a">Prácticas escolares I</subfield>
        </datafield>
        <datafield tag="260" ind1=" " ind2=" ">
            <subfield code="a">Zaragoza</subfield>
            <subfield code="b">Universidad de Zaragoza</subfield>
            <subfield code="c">2016-2017</subfield>
        </datafield>
        <datafield tag="520" ind1=" " ind2=" ">
            <subfield code="a">
Breve presentación de la asignatura
Esta asignatura constituye la primera toma de contacto del alumnado con los centros escolares de Educación Infantil y Primaria atendiendo a la organización de los mismos, aunque también hay una aproximación a la realidad del aula y del entorno sociocultural.
Debe permitir al alumno familiarizarse con la realidad socioeducativa más cercana, que puede ser tanto rural como urbana.
Proporciona al alumnado un lugar donde contrastar los conocimientos adquiridos en las asignaturas teórico-prácticas, a la vez que un complemento formativo fundamental para adquirir algunos de los conocimientos necesarios para desarrollar en un futuro su labor docente.
Condicion necesaria para formalizar la matricula

Tal y como recoge la Memoria de Verificación, para poder matricularse de la asignatura el alumno/a necesita haber superado el 70% de los créditos del primer curso (42 créditos).
</subfield>
            <subfield code="b"></subfield>
        </datafield>
        <datafield tag="521" ind1=" " ind2=" ">
            <subfield code="9">117</subfield>
            <subfield code="a">Magisterio en Educación Infantil</subfield>
        </datafield>
        <datafield tag="540" ind1=" " ind2=" ">
            <subfield code="a">by-nc-sa</subfield>
            <subfield code="b">Creative Commons</subfield>
            <subfield code="c">3.0</subfield>
            <subfield code="u">http://creativecommons.org/licenses/by-nc-sa/3.0/</subfield>
        </datafield>
        <datafield tag="700" ind1=" " ind2=" ">
            <subfield code="0">(orcid)0000-0003-2209-2041</subfield>
            <subfield code="1">363278</subfield>
            <subfield code="a">Berruete Martinez, Maria Concepcion</subfield>
        </datafield>
        <datafield tag="700" ind1=" " ind2=" ">
            <subfield code="0">(orcid)0000-0002-6727-7659</subfield>
            <subfield code="1">387995</subfield>
            <subfield code="a">Alonso Santamaría, María del Alba</subfield>
        </datafield>
        <datafield tag="700" ind1=" " ind2=" ">
            <subfield code="0">(orcid)0000-0003-3644-9101</subfield>
            <subfield code="1">536568</subfield>
            <subfield code="a">Lorenzo Lacruz, Juan</subfield>
        </datafield>
        <datafield tag="830" ind1=" " ind2=" ">
            <subfield code="9">302</subfield>
        </datafield>
        <datafield tag="830" ind1=" " ind2=" ">
            <subfield code="9">303</subfield>
        </datafield>
        <datafield tag="830" ind1=" " ind2=" ">
            <subfield code="9">301</subfield>
        </datafield>
        <datafield tag="856" ind1="4" ind2=" ">
            <subfield code="s">18200</subfield>
            <subfield code="u">http://zaguan.unizar.es/record/66302/files/guia-26516-es.pdf</subfield>
            <subfield code="y">Guía (idioma español)</subfield>
        </datafield>
        <datafield tag="970" ind1=" " ind2=" ">
            <subfield code="a">GDOC-2016-26516</subfield>
        </datafield>
        <datafield tag="980" ind1=" " ind2=" ">
            <subfield code="a">GDOC</subfield>
            <subfield code="b">Ciencias sociales y jurídicas</subfield>
            <subfield code="c">107</subfield>
        </datafield>
        <datafield tag="980" ind1=" " ind2=" ">
            <subfield code="a">GDOC</subfield>
            <subfield code="b">Ciencias sociales y jurídicas</subfield>
            <subfield code="c">202</subfield>
        </datafield>
        <datafield tag="980" ind1=" " ind2=" ">
            <subfield code="a">GDOC</subfield>
            <subfield code="b">Ciencias sociales y jurídicas</subfield>
            <subfield code="c">301</subfield>
        </datafield>
    </record>

    
</collection>